Le grand transit moderne : mobility, modernity and French naturalist fiction /

Bibliographic Details
Main Author: Duffy, Larry
Corporate Author: NetLibrary, Inc
Format: eBook
Language:English
Published: Amsterdam ; New York, N.Y. : Rodopi, 2005.
Series:Faux titre ; 260.
Subjects:
Online Access:Connect to the full text of this electronic book

MARC

Tag First Indicator Second Indicator Subfields
LEADER 00000cam a2200000Ia 4500
001 in00002111007
005 20190326103751.0
006 m d
007 cr cnu---unuuu
008 050502s2005 ne sb 001 0 eng d
020 |a 1417591110 (electronic bk.) 
035 |a (OCoLC)ocm60074625 
040 |a N$T  |c N$T  |d OCL  |d UtOrBLW 
049 |a IICN 
050 1 4 |a PQ653  |b .D84 2005eb 
082 0 4 |a 843.809384  |2 22 
100 1 |a Duffy, Larry. 
245 1 3 |a Le grand transit moderne :  |b mobility, modernity and French naturalist fiction /  |c Larry Duffy. 
264 1 |a Amsterdam ;  |a New York, N.Y. :  |b Rodopi,  |c 2005. 
336 |a text  |b txt  |2 rdacontent 
337 |a computer  |b c  |2 rdamedia 
338 |a online resource  |b cr  |2 rdacarrier 
490 1 |a Faux titre,  |v 260 
538 |a Mode of access: World Wide Web. 
506 |a Made available through NetLibrary; access may be limited to NetLibrary affiliated libraries. 
500 |a Title from ebook title screen (viewed on May 2, 2005). 
504 |a Includes bibliographical references and index. 
500 |a Electronic resource. 
650 0 |a French fiction  |y 19th century  |x History and criticism. 
600 1 0 |a Zola, Émile,  |d 1840-1902  |x Criticism and interpretation. 
650 0 |a Motion in literature. 
650 0 |a Transportation in literature. 
655 7 |a Electronic books.  |2 local 
710 2 |a NetLibrary, Inc. 
830 0 |a Faux titre ;  |v 260. 
856 4 0 |u http://proxy.library.tamu.edu/login?url=http://www.netLibrary.com/urlapi.asp?action=summary&v=1&bookid=130659  |z Connect to the full text of this electronic book  |t 0 
994 |a 92  |b IIC 
999 |a MARS 
999 f f |s a291bbe9-60eb-37ee-abed-61b70b17c187  |i c01f9431-105c-3a36-8203-9c4bece17571  |t 0 
952 f f |a Texas A&M University  |b College Station  |c Electronic Resources  |d Available Online  |t 0  |e PQ653 .D84 2005eb  |h Library of Congress classification 
998 f f |a PQ653 .D84 2005eb  |t 0  |l Available Online